Structural Engineering and Construction : Achievements,Trends and Challenges(Chiang Mai,Thailand,1989) : Obs.: IA:. 537 s.. IB:. s.541-886. II:. s.889-1719

Gespeichert in:
Bibliographische Detailangaben
Format: Buch
Sprache:Englisch
Veröffentlicht: Bangkok : Asian Ins.of Technology, 1989
Tags: Tag hinzufügen
Keine Tags, Fügen Sie das erste Tag hinzu!

MARC

LEADER 00000nam a22000003a 4500
001 stu28687
005 20150408181128.3
008 950419s1989----th------------------eng-d
040 |a STU  |b slo 
041 0 |a eng 
044 |a th 
080 |a 624/69 
245 |a Structural Engineering and Construction :  |b Achievements,Trends and Challenges(Chiang Mai,Thailand,1989) : Obs.: IA:. 537 s.. IB:. s.541-886. II:. s.889-1719 
260 |a Bangkok :  |b Asian Ins.of Technology,  |c 1989 
300 |a I.A :  |b 537 s.;I.B 
500 |a -xerox 
996 |b 284V022935  |c V*37706/O-15784 I.A  |l VVS  |s A  |a 24  |w stu28687_0001 
996 |b 284V022933  |c V*37707/O-15784 I.B  |l VVS  |s A  |a 24  |w stu28687_0002 
996 |b 284V022934  |c V*37708/O-15784 II.  |l VVS  |s A  |a 24  |w stu28687_0003